Effects of radiation on materials and components

Guardat en:
Dades bibliogràfiques
Autor principal: Bowman, Richard E (Autor)
Autor corporatiu: Kircher, John F (Autor)
Format: Llibre
Idioma:anglès
Publicat: Nueva York Reinhold 1964
Matèries:
Etiquetes: Afegir etiqueta
Sense etiquetes, Sigues el primer a etiquetar aquest registre!

MARC

LEADER 00000nam a2200000 a 4500
001 UCX0316
003 CL-VaPUC
008 890926e19640000US |||||||||||||||||eng|d
082 0 4 |a 620.112  |b BOW  |2 21 
100 0 |a Bowman, Richard E  |e author  |9 315686 
110 2 |a Kircher, John F  |e author  |9 315687 
245 1 0 |a Effects of radiation on materials and components 
300 |a 690 p 
942 |c BK 
945 |d 19890926 00:00:00 
260 |a Nueva York  |b Reinhold  |c 1964 
650 0 |a Materiales  |9 260800 
650 7 |a EFECTO DE LA RADIACION  |2 CL-VaPUC  |9 315688 
583 |a last modification  |c 19890926 00:00:00  |k Rodrigo Vera 
999 |c 221949  |d 221947